[Event "Sochi FIDE GP"]
[Site "Sochi"]
[Date "2008.08.14"]
[Round "13"]
[White "Gashimov, Vugar"]
[Black "Svidler, Peter"]
[Result "0-1"]
[WhiteElo "2717"]
[BlackElo "2738"]
[Annotator "Marin,M"]
[PlyCount "150"]
[EventDate "2008.07.31"]
[EventType "tourn"]
[EventRounds "13"]
[EventCountry "RUS"]
[EventCategory "19"]
[SourceTitle "CBM 126"]
[Source "ChessBase"]
[SourceDate "2008.10.01"]
[SourceVersion "1"]
[SourceVersionDate "2008.10.01"]
[SourceQuality "1"]

1. e4 e5 2. Nf3 Nc6 3. Bb5 a6 4. Ba4 Nf6 5. O-O Be7 6. Re1 b5 7. Bb3 d6 8. c3
O-O 9. h3 Re8 10. d4 Bb7 11. a4 ({The main move order is} 11. Nbd2 Bf8 12. a4 {
and now the interesting} Qd7 $5 {would transpose to our game.} ({One should
also compare the position arising after} 12... h6 13. Bc2 exd4 14. cxd4 Nb4 15.
Bb1 bxa4 16. Rxa4 a5 17. Ra3 Ra6 18. Nh2 g6 19. f3 $1 Qd7 20. Nc4 Qb5 $16 {
, as played in Kasparov,G (2800)-Karpov,A (2730)/Lyon/New York 1990/CBM 021/
[Schussler] (1-0, 44), with that arising in our game after 18 moves. Svidler
will basically be several tempi up compared to Karpov...})) 11... Qd7 12. Nbd2
Bf8 13. Bc2 {This bishop retreat is rather harmless. Compared with the classic
main line of the Zaitsev, Black will be allowed to omit the move ...h6, which
not only consumes a tempo, but also weakens the kingside.} (13. d5 Ne7 14. c4 (
14. Nf1 h6 15. Ng3 c6 16. dxc6 Nxc6 17. Nh2 Na5 18. Bc2 {1/2-1/2 Geller,E 
(2520)-Smejkal,J (2565)/Baden-Baden 1985/MCL}) 14... Ng6 15. Bc2 c6 16. b3 Qc7
17. Nf1 bxc4 18. bxc4 a5 19. Ng3 Ba6 20. Bd3 Rec8 21. Be3 Rab8 $13 {Smirin,I 
(2630)-Goldin,A (2585)/Novosibirsk 1995/CBM 050 (1/2-1/2, 46)}) ({The critical
line is considered to be} 13. axb5 axb5 14. Rxa8 Bxa8 15. d5 {. All the knight
retreats have been tried now and Stohl's notes for CBM 120 offer a
comprehensive survey. I would only add one game played this year.} Na5 (15...
Nb8 {"Introduced into practice by Smejkal, Karpov himself tested all the other
alternatives apart from the text-move." Stohl} 16. Nf1 {Stellwagen,D (2631)
-Nikolic,P (2646)/Amsterdam 2007/CBM 120/[Stohl] (1/2-1/2, 64)}) 16. Bc2 c6 17.
b4 Nb7 18. Nf1 cxd5 19. exd5 Nd8 {The typical picture for this line. Black's
structure is better, but he needs a lot of time to activate his queen's knight.
} 20. Ne3 Qc8 21. Bb2 g6 22. Nh2 Bg7 23. Bb3 Nh5 24. Qe2 Qb7 25. Ra1 Nf4 26.
Qf1 e4 27. Ra5 Nd3 28. Ba1 f5 29. c4 bxc4 30. Nxc4 Bf8 $6 ({This was the right
time for} 30... Nf7 $1 {when} 31. Bxg7 {can be met by} Qxb4 $3 32. Qa1 Qxb3 $13
) 31. Ba4 Re7 32. Bf6 Rc7 33. Nb6 Rc1 34. Qxc1 $2 (34. Bxd8 Rxf1+ 35. Nxf1 $16
{The king is much better protected now than in the game.}) 34... Nxc1 35. Bxd8
Qg7 $1 $132 {[%cal Gg7a1] Volokitin,A (2684)-Azarov,S (2585)/Plovdiv 2008/CBM
124 (0-1, 42)}) 13... exd4 ({Black has been successful with} 13... g6 {so far,
but there may be a small tactical problem with it.} 14. d5 Ne7 15. c4 ({
The paradoxical} 15. Nb3 $5 {, deviating from the initial plan of transfering
the knight to g3 for the sake of threatening Na5, is quite hard to meet.} c6
16. Bg5 $1 Bg7 17. dxc6 Nxc6 {. Otherwise, Na5 looks strong.} 18. Bxf6 Bxf6 19.
Nc5 $14) 15... c6 16. b3 Nh5 (16... Bg7 17. Ba3 Nh5 18. Bd3 bxa4 19. bxa4 c5
20. Rb1 Reb8 21. Rb3 Bc8 22. Qc2 Rxb3 23. Qxb3 Ra7 $13 {Arakhamia Grant,K 
(2430)-Spassky,B (2550)/Copenhagen 1997/CBM 061 (0-1, 40)}) 17. Nf1 Ng7 18. Bd3
cxd5 19. cxd5 f5 $132 {Kotronias,V (2585)-Milov,V (2635)/Groningen 1997/CBM
063/[Hansen,LB] (1/2-1/2, 67)}) 14. cxd4 Nb4 15. Bb1 g6 16. Ra3 $146 {This
novelty does not change in any way the evaluation of the whole line. Black has
a comfortable position.} (16. b3 {Vescovi,G (2640)-Ivanov,A (2566)/Buenos
Aires 2005/CBM 109/[Erenburg] (1/2-1/2, 32)}) (16. e5 dxe5 17. dxe5 Nh5 18.
axb5 Qxb5 19. Nd4 Qd7 20. Qg4 Qxg4 21. hxg4 Nf6 22. g5 Ng4 23. Ne4 Rxe5 $15 {
1/2-1/2 Sznapik,A-Goldin,A/Warsaw 1990/CBM 017 (42)}) (16. d5 c6 17. Qb3 a5 18.
dxc6 Qxc6 19. Qc3 Bg7 20. Qxc6 Bxc6 21. Nd4 Bxe4 22. Nxe4 Nxe4 23. Rxe4 Rxe4
24. Bxe4 Re8 $11 {1/2-1/2 Ivanovic,B-Nikolic,P/Niksic 1983/MCD (34)}) 16...
bxa4 17. Rxa4 a5 18. Ra3 {As if Black's extra tempo (...h6) was not enough,
White has been moving around a lot with the rook. Cf. Kasparov-Karpov as
quoted in the introduction.} Bg7 $11 {(or, subjectively, =/+)} 19. e5 ({
White has not sufficient development to block the position with} 19. d5 c6 20.
Nc4 cxd5 21. Nb6 Qd8 22. Nxa8 dxe4 $15) 19... dxe5 20. dxe5 Nfd5 21. Ne4 Qb5 (
21... Nb6 $5 {[%csl Ge5]}) 22. Bd2 Nb6 (22... Rad8 23. Qc1 {[%cal Gd2h6,Ge4c5]}
) ({Maybe Black could consider} 22... Bxe5 {when after} 23. Nxe5 Rxe5 {[%cal
Ga8e8] his hyper-activity is a warranty against a white kingside attack.}) 23.
Nc3 Qd7 24. Be4 Bxe4 25. Rxe4 Nc6 26. Qe2 $5 {The pawn sacrifice involved by
this move should be enough for... equalizing.} (26. Bf4 Qxd1+ 27. Nxd1 f5 28.
Re2 Nc4 29. Rc3 N4xe5 30. Nxe5 Nxe5 31. Rxc7 (31. Rce3 Red8 $1 $17) 31... Nf3+
32. Kf1 Rxe2 33. Kxe2 Nd4+ 34. Ke3 Re8+ 35. Kd3 Ne6 36. Rc4 Rd8+ 37. Ke2 Nxf4+
38. Rxf4 Bd4 $15) 26... Nxe5 27. Nxe5 Rxe5 28. Rxe5 Bxe5 29. Qxe5 Qxd2 30. Ne4
$6 {White has a dominating position, but there was no need to hurry.} ({
It would have been more useful to protect the b2-pawn with} 30. Ra2 {, when
the threat Ne4 would have kept the balance even.} c6 (30... a4 31. Ne4 Nd7 32.
Qxc7 Qe1+ 33. Kh2 Qxe4 34. Qxd7 $11 {[%csl Gb2]}) 31. b3 Qc1+ 32. Kh2 Nd7 33.
Qd4 c5 34. Qd5 $44) 30... Nd7 $1 31. Nxd2 (31. Qxc7 Qe1+ 32. Kh2 Qxe4 33. Qxd7
Qe5+ 34. g3 Qxb2 $17) 31... Nxe5 32. Rc3 Ra7 $17 {Black has an extra-pawn and
excellent winning chances. Still, there is more to come before the "logical
result".} 33. Nb3 Nd7 34. Rd3 Nb6 35. Nd4 c5 36. Nc6 Ra8 37. Rb3 Nc4 38. Rb5 a4
39. Ne7+ Kg7 40. Nd5 Rc8 41. Nc3 a3 42. bxa3 Nxa3 43. Rb7 c4 44. Ra7 Nc2 45.
Rd7 Nb4 46. Rd4 Nd3 47. g3 Kf6 48. Kf1 Ke5 49. Rd5+ Ke6 50. Rd4 f5 51. f4 Nc1
52. Rd5 Nb3 53. g4 Rf8 54. Re5+ Kd6 55. Kf2 fxg4 56. Re4 gxh3 $6 (56... g3+ $1
{(Preventing the strengthening of White's kingside by hxg4 and driving the
king away from the centre at the same time.)} 57. Kxg3 Kc5 $19 {[%csl Gc4]})
57. Rxc4 g5 $2 (57... Rf5 $1 $17) 58. Kg3 h2 (58... Rxf4 59. Rxf4 gxf4+ 60.
Kxf4 h2 61. Ne4+ Kd5 62. Nf2 $11) 59. Kxh2 Rxf4 60. Rxf4 gxf4 61. Ne4+ Ke5 62.
Ng5 $11 {Black's poor coordination should allow White to draw this ending.} h5
63. Kh3 Nc5 64. Kh4 Ne6 65. Nh3 Ng7 66. Kg5 f3 67. Kg6 $2 (67. Nf2 $1 $11 {
Black would have to either allow Kf4 or give up the h-pawn at once. One
important difference compared to the game is that the white knight has managed
to block the f-pawn already and will be able to leap around it improving its
placement.} Ne6+ 68. Kxh5 Kf4 69. Kh4 Ke3 70. Ng4+ Ke2 71. Kg3 $11) 67... h4 $1
$19 68. Kg5 (68. Kxg7 Kf5 69. Kh6 Kg4 70. Nf2+ Kg3 71. Ne4+ Kg2 72. Kh5 h3 $19)
68... Ke4 69. Kxh4 (69. Nf2+ Ke3 70. Ng4+ Ke2 71. Kxh4 Nf5+ $8 72. Kh3 Ne3 73.
Nh2 {Also an unfortunate square.} f2 74. Kh4 (74. Kg3 Nf1+) 74... Nc4 $19 {
[%cal Gc4d2,Gd2f3]}) 69... Ke3 70. Kg4 (70. Kg3 Nh5+ 71. Kg4 Nf4 $1 $19) 70...
Ne6 $8 71. Kg3 Nd4 $8 72. Kh2 (72. Kg4 Ne2 73. Kf5 Ng1 $1 74. Nxg1 f2 $19) ({
White is just one tempo short for} 72. Nf2 {because of} Nf5+ $1) (72. Ng1 Ne2+
$1) 72... Ne2 73. Kh1 Nf4 74. Nxf4 (74. Ng1 f2 $19) 74... Kxf4 75. Kg1 Ke3 (
75... Ke3 76. Kf1 f2 $19) 0-1

[Event "EU-Cup 24th"]
[Site "Kallithea"]
[Date "2008.10.19"]
[Round "3"]
[White "Hracek, Zbynek"]
[Black "Svidler, Peter"]
[Result "1/2-1/2"]
[WhiteElo "2613"]
[BlackElo "2727"]
[PlyCount "33"]
[EventDate "2008.10.17"]
[EventType "team-swiss"]
[EventRounds "7"]
[EventCountry "GRE"]
[SourceTitle "CBM 127"]
[Source "ChessBase"]
[SourceDate "2008.11.13"]
[SourceVersion "1"]
[SourceVersionDate "2008.11.13"]
[SourceQuality "1"]
[WhiteTeam "Novoborsky"]
[BlackTeam "Baden-Baden"]
[WhiteTeamCountry "CZE"]
[BlackTeamCountry "GER"]

1. e4 e5 2. Nf3 Nc6 3. Bb5 a6 4. Ba4 Nf6 5. O-O Be7 6. Bxc6 dxc6 7. d3 Nd7 8.
b3 O-O 9. Bb2 f6 10. Nbd2 Nc5 11. Nc4 Rf7 12. Ne3 a5 13. a4 Ne6 14. Kh1 c5 15.
Ng1 b6 16. Ne2 Bd6 17. Nc4 1/2-1/2

[Event "EU-Cup 24th"]
[Site "Kallithea"]
[Date "2008.10.20"]
[Round "4"]
[White "Svidler, Peter"]
[Black "Ivanchuk, Vassily"]
[Result "1/2-1/2"]
[WhiteElo "2727"]
[BlackElo "2786"]
[PlyCount "73"]
[EventDate "2008.10.17"]
[EventType "team-swiss"]
[EventRounds "7"]
[EventCountry "GRE"]
[SourceTitle "CBM 127"]
[Source "ChessBase"]
[SourceDate "2008.11.13"]
[SourceVersion "1"]
[SourceVersionDate "2008.11.13"]
[SourceQuality "1"]
[WhiteTeam "Baden-Baden"]
[BlackTeam "Saransk"]
[WhiteTeamCountry "GER"]
[BlackTeamCountry "RUS"]

1. e4 c5 2. Nf3 Nc6 3. Bb5 g6 4. Bxc6 dxc6 5. d3 Bg7 6. h3 b6 7. Nc3 Nh6 8. a3
O-O 9. O-O Qc7 10. Be3 f5 11. Bxh6 Bxh6 12. exf5 Bxf5 13. Qe2 Bf4 14. d4 Qd7
15. Rfe1 cxd4 16. Qc4+ Rf7 17. Ne2 b5 18. Qxd4 Bd6 19. Ne5 c5 20. Qd5 Bxe5 21.
Qxe5 Qd6 22. Qe3 Rd8 23. Nc3 Bxc2 24. Rac1 Bd3 25. Rcd1 Qd4 26. Nxb5 Qxb2 27.
Qxc5 Rf5 28. Qxe7 Rdf8 29. Rxd3 Qxf2+ 30. Kh1 Rxb5 31. Rd7 Rf7 32. Qe8+ Rf8 33.
Qe6+ Rf7 34. Rc1 Rbf5 35. Rxf7 Rxf7 36. Qe5 Qf6 37. Qxf6 1/2-1/2

[Event "RUS-ch playoff"]
[Site "Moscow"]
[Date "2008.10.28"]
[Round "6"]
[White "Svidler, Peter"]
[Black "Jakovenko, Dmitrij"]
[Result "1-0"]
[WhiteElo "2738"]
[BlackElo "2709"]
[Annotator "Knaak,R"]
[PlyCount "69"]
[EventDate "2008.10.28"]
[EventType "tourn (rapid)"]
[EventRounds "6"]
[EventCountry "RUS"]
[EventCategory "19"]
[SourceTitle "CBM 127"]
[Source "ChessBase"]
[SourceDate "2008.11.13"]
[SourceVersion "1"]
[SourceVersionDate "2008.11.13"]
[SourceQuality "1"]

{Den notwendig gewordenen Dreier-Stichkampf der Russischen Meisterschaft
beherrschte Dmitrij Jakovenko zunächst recht sicher. Doch in der letzten
Partie, als er nur ein Remis zur Erringung des Titels benötigte, agierte er zu
passiv. Peter Svidler gewann die Partie und wurde damit bereits zum fünften
Mal Russischer Meister.} 1. e4 e5 2. Nf3 Nc6 3. Bb5 a6 4. Ba4 Nf6 5. O-O Be7 6.
d3 b5 7. Bb3 d6 8. a4 Bd7 9. c3 O-O 10. Nbd2 Na5 11. Ba2 {Bisher ging der
Läufer hier stets nach c2, doch Svidler hat aggressivere Absichten.
Tatsächlich wird sein weißfeldriger Läufer in dieser Partie zum entscheidenden
Faktor.} c5 12. Re1 h6 $2 {Für diesen rein passiven Zug gibt es überhaupt
keine Notwendigkeit.} 13. Nh4 $1 Kh7 $6 {Da der König drei Züge später wieder
wegzieht, wird der Zug wohl schwach sein.} ({In Frage kommt} 13... Re8) 14. Nf5
Bxf5 15. exf5 Nc6 {Schwarz ist nun zu ...d5 bereit, um die Diagonale des La2
zu schließen, aber dazu wird es nicht mehr kommen.} 16. g4 $1 Kg8 (16... d5 17.
h4 $1) 17. h4 Nh7 $2 {Danach ist Schwarz so gut wie chancenlos.} ({Viel
schwieriger ist die Aufgabe des Weißen nach} 17... d5 18. g5 hxg5 19. hxg5 Nh7
{, von mehreren möglichen Zügen gefällt dann} 20. Nf3 $1 {am besten.}) 18. Bd5
$1 Rc8 19. axb5 axb5 20. Qf3 Nb8 21. g5 $1 hxg5 22. Ne4 $1 Nd7 ({Etwas besser
sieht} 22... Nf6 {aus, doch nach} 23. Nxf6+ Bxf6 24. Kh1 $1 {nebst Öffnung der
g-Linie sollte Weiß auch gewinnen.}) 23. hxg5 Nxg5 (23... Nb6 24. Bxf7+ $1 Rxf7
25. g6 $18) 24. Bxg5 Bxg5 25. Ra6 Qe7 26. Ra7 Rfd8 27. Qh5 Bh6 28. Kh1 {
Schwarz ist völlig hilflos gegen die Verstärkung des weißen Angriffs.} Kh8 29.
Rg1 Nf6 30. Nxf6 Qxa7 31. Ng4 Kh7 32. Nxh6 gxh6 33. f6 Rg8 34. Be4+ Rg6 35.
Rxg6 1-0